000 00609nam a2200205Ia 4500
005 20250508160945.0
008 008 250505s9999 xx 000 0 eng d
020 _a0-13-073924-3
037 _aTextual
040 _aFEDL
_beng
_cFEDL
041 _aeng
_2eng
084 _a301.15, KUN
_qFEDL
100 _aKunkel John H.
245 0 _aBehavior, social problems, and change : A social learnin g approach
260 _aEnglewood Cliffs, New Jersey, USA
_bPrentice - Hall
_c1975
300 _aviii,213p.
650 _aSociology
942 _cTEXL
_h301.15, KUN
999 _c1367612
_d1367612